5HLuxD.jpg

KING HENRY VIII SENIOR AND PRIMARY SCHOOL LIBRARY OPAC

Birdsong / (Record no. 3000)

000 -LEADER
fixed length control field 00774cam a2200277 i 4500
001 - CONTROL NUMBER
control field 020647483
003 - CONTROL NUMBER IDENTIFIER
control field UkOxU
005 - DATE AND TIME OF LATEST TRANSACTION
control field 20230914134236.0
008 - FIXED-LENGTH DATA ELEMENTS--GENERAL INFORMATION
fixed length control field 160902s2016 enk 000 d eng c
015 ## - NATIONAL BIBLIOGRAPHY NUMBER
National bibliography number GBB6C6965
Source bnb
020 ## - INTERNATIONAL STANDARD BOOK NUMBER
International Standard Book Number 9780573112058 (paperback)
035 ## - SYSTEM CONTROL NUMBER
System control number (StEdNL)7925613
035 ## - SYSTEM CONTROL NUMBER
System control number (Uk)018008050
040 ## - CATALOGING SOURCE
Original cataloging agency StEdNL
Language of cataloging eng
Description conventions rda
Transcribing agency StEdNL
Modifying agency KH8
042 ## - AUTHENTICATION CODE
Authentication code ukscp
082 ## - DEWEY DECIMAL CLASSIFICATION NUMBER
Classification number 823.914 FAU
100 1# - MAIN ENTRY--PERSONAL NAME
Personal name Faulks, Sebastian,
Relator term author.
245 10 - TITLE STATEMENT
Title Birdsong /
Statement of responsibility, etc. by Sebastian Faulks ; adapted by Rachel Wagstaff.
264 #1 - PRODUCTION, PUBLICATION, DISTRIBUTION, MANUFACTURE, AND COPYRIGHT NOTICE
Place of production, publication, distribution, manufacture London :
Name of producer, publisher, distributor, manufacturer Samuel French,
Date of production, publication, distribution, manufacture, or copyright notice [2016]
300 ## - PHYSICAL DESCRIPTION
Extent 92 pages ;
Dimensions 22 cm
336 ## - CONTENT TYPE
Content type term text
Source rdacontent
337 ## - MEDIA TYPE
Media type term unmediated
Source rdamedia
338 ## - CARRIER TYPE
Carrier type term volume
Source rdacarrier
700 ## - ADDED ENTRY--PERSONAL NAME
Personal name Wagstaff, Rachel.
942 ## - ADDED ENTRY ELEMENTS (KOHA)
Source of classification or shelving scheme
Koha item type Teaching Resources
Holdings
Withdrawn status Lost status Source of classification or shelving scheme Damaged status Not for loan Collection code Permanent Location Current Location Shelving location Date acquired Full call number Barcode Date last seen Price effective from Koha item type
          Teaching Resources KH8 Senior School Library KH8 Senior School Library Staff Office 2023-09-14 823.914 FAU TRKHSL003199 2023-09-14 2023-09-14 Teaching Resources

Powered By KH8 IT Dept